Подробности
| 000 -МАРКЕР |
| контрольное поле |
02350nam0a2200373 4500 |
| 001 - ИДЕНТИФИКАТОР ЗАПИСИ |
| контрольное поле |
RU\NLR\BIBL_A\011561697 |
| 005 - ИДЕНТИФИКАТОР ВЕРСИИ |
| контрольное поле |
20260406164224.0 |
| 010 ## - МЕЖДУНАРОДНЫЙ СТАНДАРТНЫЙ НОМЕР КНИГИ (ISBN) |
| Номер (ISBN) |
978-5-353-08618-5 |
| 021 ## - НОМЕР ГОСУДАРСТВЕННОЙ РЕГИСТРАЦИИ |
| Код страны |
Российская Федерация |
| Номер |
2017-92080 |
| Номер Листа государственной регистраци |
6594 |
| 035 ## - ДРУГИЕ СИСТЕМНЫЕ НОМЕРА |
| Идентификатор записи |
(RuMoRGB)009470170 |
| 035 ## - ДРУГИЕ СИСТЕМНЫЕ НОМЕРА |
| Идентификатор записи |
(NLR Aleph) 011561697 |
| 100 ## - ДАННЫЕ ОБЩЕЙ ОБРАБОТКИ |
| Данные общей обработки |
20171219d2018 |||y0rusy50 ca |
| 101 0# - ЯЗЫК РЕСУРСА |
| Язык текста, звукозаписи и т.д. |
русский |
| 102 ## - СТРАНА ПУБЛИКАЦИИ ИЛИ ПРОИЗВОДСТВА |
| Страна публикации |
Российская Федерация |
| 105 ## - ПОЛЕ КОДИРОВАННЫХ ДАННЫХ: ТЕКСТОВЫЕ МАТЕРИАЛЫ, МОНОГРАФИЧЕСКИЕ |
| Кодированные данные о монографическом текстовом документе |
a|||z|||000ay |
| 200 1# - ЗАГЛАВИЕ И СВЕДЕНИЯ ОБ ОТВЕТСТВЕННОСТИ |
| Основное заглавие |
Винни-Пух и все-все-все |
| Сведения, относящиеся к заглавию |
[сказочные повести. Стихи |
| -- |
для среднего школьного возраста] |
| Первые сведения об ответственности |
Алан А. Милн |
| Последующие сведения об ответственности |
[художник: Э.-Х. Шепард |
| -- |
стихи перевели М. Бородицкая и др.] |
| 210 ## - ПУБЛИКАЦИЯ, РАСПРОСТРАНЕНИЕ И ДР. |
| Место издания, распространения и т.д. |
Москва |
| Имя издателя, распространителя и т. д. |
Росмэн |
| Дата издания, распространения и т.д. |
2018 [т.е. 2017] |
| 215 ## - ФИЗИЧЕСКАЯ ХАРАКТЕРИСТИКА |
| Специфическое обозначение материала и объем |
398, [1] с. |
| Другие сведения о физической характеристике |
ил. |
| Размеры |
22 |
| 225 1# - СЕРИЯ |
| Основное заглавие серии |
Серия "Все истории" |
| 300 ## - ОБЩИЕ ПРИМЕЧАНИЯ |
| Текст примечания |
В вып. дан. авт.: Милн Алан Александр, Борис Заходер, С. Маршак [и др.] |
| 300 ## - ОБЩИЕ ПРИМЕЧАНИЯ |
| Текст примечания |
Кн. фактически изд. в 2017 г. |
| 327 1# - ПРИМЕЧАНИЯ О СОДЕРЖАНИИ |
| Текст примечания |
Содерж.: Винни-Пух; Дом на Пуховой опушке: сказки рассказал Борис Заходер.; Многое другое, т. е. приложения / сочинил Борис Заходер. В кн. также: Когда мы были ещё маленькие; А теперь нам шесть: стихи, которые Алан Милн сочинил для своего сына |
| 686 ## - ИНДЕКСЫ ДРУГИХ КЛАССИФИКАЦИЙ |
| Индекс |
Ш9(2)72(4Вл) |
| Код системы |
|
| 686 0# - ИНДЕКСЫ ДРУГИХ КЛАССИФИКАЦИЙ |
| Индекс |
Ш9(4Вл)62-4 |
| 700 #1 - ИМЯ ЛИЦА - ПЕРВИЧНАЯ ОТВЕТСТВЕННОСТЬ |
| Материалы, к которым относится поле |
rus |
| Графика поля |
Кириллица |
| Начальный элемент ввода |
Милн |
| Часть имени, кроме начального элемента ввода |
А. А. |
| Даты |
1882-1956 |
| Расширение инициалов личного имени |
Алан Александер |
| Идентификатор авторитетной/нормативной записи |
RU\NLR\AUTH\7710595 |
| Системный номер авторитетной/нормативной записи |
120363 |
| 702 #1 - ИМЯ ЛИЦА - ВТОРИЧНАЯ ОТВЕТСТВЕННОСТЬ |
| Код отношения |
Карикатурист, Художник |
| Материалы, к которым относится поле |
rus |
| Графика поля |
Кириллица |
| Начальный элемент ввода |
Шепард |
| Часть имени, кроме начального элемента ввода |
Э. Х. |
| Дополнения к именам, кроме дат |
художник |
| Расширение инициалов личного имени |
Эрнест Хауард |
| Даты |
1879-1976 |
| Идентификатор авторитетной/нормативной записи |
RU\NLR\AUTH\7766865 |
| Системный номер авторитетной/нормативной записи |
49793 |
| 702 #1 - ИМЯ ЛИЦА - ВТОРИЧНАЯ ОТВЕТСТВЕННОСТЬ |
| Код отношения |
Прочие |
| Материалы, к которым относится поле |
rus |
| Графика поля |
Кириллица |
| Начальный элемент ввода |
Заходер |
| Часть имени, кроме начального элемента ввода |
Б. В. |
| Даты |
1918-2000 |
| Расширение инициалов личного имени |
Борис Владимирович |
| Идентификатор авторитетной/нормативной записи |
RU\NLR\AUTH\776188 |
| Системный номер авторитетной/нормативной записи |
116143 |
| 702 #1 - ИМЯ ЛИЦА - ВТОРИЧНАЯ ОТВЕТСТВЕННОСТЬ |
| Код отношения |
Переводчик |
| Материалы, к которым относится поле |
rus |
| Графика поля |
Кириллица |
| Начальный элемент ввода |
Бородицкая |
| Часть имени, кроме начального элемента ввода |
М. Я. |
| Даты |
1954- |
| Расширение инициалов личного имени |
Марина Яковлевна |
| Идентификатор авторитетной/нормативной записи |
RU\NLR\AUTH\774333 |
| Системный номер авторитетной/нормативной записи |
114314 |
| 942 ## - ДОПОЛНИТЕЛЬНЫЕ ЭЛЕМЕНТЫ ЗАПИСИ (АБИС) |
| Тип экземпляра АБИС |
Книга |
| 980 ## - КОЛЛЕКЦИЯ |
| Название коллекции |
Национальная библиография |